000 00361nam a2200157Ia 4500
003 0STCL
008 150530s9999 xx 000 0 und d
040 _aSTCL
_cSTCL
100 _aJohn Maynard Keynes
245 _aIndian currency and finance
260 _bMacmillan
_c1924
546 _aEnglish
942 _2ddc
_cBK
999 _c9739
_d9739
005 20220125165533.0